000 00615nam a2200181Ia 4500
005 20250423100549.0
008 250422s9999 xx 000 0 und d
020 _a9780297189, 9789780297183
050 _aJQ 1876.Z1 .A33/
100 _aAdamolekun, 'Ladipo.
245 0 _aPolitics, bureaucracy and development in Africa
260 _aIbadan
260 _bSpectrum Books
260 _c2006
300 _a244 p
650 _aBureaucracy--Africa., Sub-Saharan. Civil service--Africa, Sub-Saharan. Economic development--Africa, Sub-Saharan. Africa, Sub-Saharan--Politics and government--1960-
942 _cBK
999 _c33688
_d33688